000 01029nam a2200337 a 4500
003 AR-BaBNM
005 20251128205856.0
008 082120s2002 ||||||||||||||000 | spa||
020 _a968-23-1559-X
040 _cAR-BaBNM
245 0 0 _aEl Estado en América Latina
_bteoría y práctica
250 _a1ª ed.
260 _aMéxico, D.F.
_bSiglo Veintiuno
_bUniversidad de las Naciones Unidas
_c1990
300 _a608 p.
_btablas
490 0 _aBiblioteca América Latina: actualidad y perspectivas
504 _aCada trabajo contiene bibliografía para consultar
650 4 _aHISTORIA
650 4 _aHISTORIA LATINOAMERICANA
650 4 _aESTADO
650 4 _aRESPONSABILIDAD DEL ESTADO
650 4 _aHISTORIA ECONOMICA
650 4 _aHISTORIA SOCIAL
650 4 _aSOCIOLOGIA
650 4 _aDEMOCRACIA
650 4 _aCONSTITUCIONES
651 4 _aAmérica Latina
700 1 _agonzález Casanova, Pablo
_ecoordinador
800 1 _aGonzález Casanova, Pablo
_ecoordinador
942 _cBK
998 _cMariana
999 _c13110
_d13110